The Classical theory of fields / (Record no. 160173)

MARC details
000 -LEADER
fixed length control field 00801nam a2200253Ia 4500
008 - FIXED-LENGTH DATA ELEMENTS--GENERAL INFORMATION
fixed length control field
020 ## - INTERNATIONAL STANDARD BOOK NUMBER
International Standard Book Number 0750627689 (pbk.)
090 ## - LOCALLY ASSIGNED LC-TYPE CALL NUMBER (OCLC); LOCAL CALL NUMBER (RLIN)
Classification number (OCLC) (R) ; Classification number, CALL (RLIN) (NR) QC665.E4
Local cutter number (OCLC) ; Book number/undivided call number, CALL (RLIN) LAN
003 - CONTROL NUMBER IDENTIFIER
control field
005 - DATE AND TIME OF LATEST TRANSACTION
control field 20230123134116.0
040 ## - CATALOGING SOURCE
Transcribing agency NUST
049 ## - LOCAL HOLDINGS (OCLC)
Holding library MAIN
100 1# - MAIN ENTRY--PERSONAL NAME
Personal name Landau, L.D.
245 14 - TITLE STATEMENT
Title The Classical theory of fields /
Statement of responsibility, etc. L.D. Landau and E.M. Lifshitz ; translated from the Russian by Morton Hamermesh.
250 ## - EDITION STATEMENT
Edition statement 4th ed
260 ## - PUBLICATION, DISTRIBUTION, ETC.
Place of publication, distribution, etc. Amsterdam. :
Name of publisher, distributor, etc. Butterworth Heinemann ,
Date of publication, distribution, etc. 2004.
300 ## - PHYSICAL DESCRIPTION
Extent xiii, 428 p. :
Other physical details ill. ;
Dimensions 25 cm.
490 1# - SERIES STATEMENT
Series statement Course of theoretical physics ;
Volume/sequential designation no2.
500 ## - GENERAL NOTE
General note Includes index
650 #0 - SUBJECT ADDED ENTRY--TOPICAL TERM
Topical term or geographic name entry element Electromagnetic fields.
650 #0 - SUBJECT ADDED ENTRY--TOPICAL TERM
Topical term or geographic name entry element Field theory (Physics).
907 ## - LOCAL DATA ELEMENT G, LDG (RLIN)
a .b1017655x
b 23-04-12
c 22-09-05
942 ## - ADDED ENTRY ELEMENTS (KOHA)
Koha item type Ordinary Loan Books
Call number prefix QC665.E4
Call number suffix LAN
Holdings
Date last seen Total Checkouts Full call number Barcode Cost, replacement price Price effective from Koha item type Lost status Source of classification or shelving scheme Damaged status Not for loan Collection Withdrawn status Home library Current library Shelving location Date acquired Cost, normal purchase price
01/23/2023   QC665.E4 LAN 92003018587 80.00 01/23/2023 BOOKS   LCC     NFIC   MAIN MAIN GEN 01/23/2023 80.00